Регионална библиотека "Любен Каравелов" - Русе

Funktionsverbgefuge als Spezialfall pradikativer Strukturen im Deutschen und Bulgarischen (Запис номер 179007)

MARC детайли
000 -Лидер
Контролно поле с фиксирана дължина 01601nam a2200397 c 4500
003 - Код на организацията, давaща контролен номер
Контролно поле BLK
005 - Дата и час на последна редакция
Контролно поле 20180420235905.0
008 - Елементи от данни с фиксирана дължина
fixed length control field 180411b bul|||||r ||||||| ||bul||
010 ## - Наследен системен номер
LC control number KNG00187770000
020 ## - Международен стандартен номер на книга ISBN
Международен стандартен номер на книга ISBN 978-954-439-991-7
-- издат.: Слово
040 ## - Източник на каталожния запис
Идентификатор на билиотеката - собственик на записа BLK
041 ## - Код за език
Код за езика на текст/звукозапис или на отделно заглавие Немски
Код за езика КДБФ Немски
Други езици Български
072 #7 - Код за тематичната категория
Код организация bullib
Код за тематична категория Н80
Текст Езикознание Н
080 ## - УДК
Текстов определител УДК Немски език (високонемски, стандартен писмен)
УДК код - определител по УДК 811.112.2
УДК определител `36
УДК - код + определител 811.112.2`36
080 ## - УДК
Текстов определител УДК Български език
УДК код - определител по УДК 811.163.2
УДК определител `36
УДК - код + определител 811.163.2`36
100 1# - Редна дума - Автор
Автор Vasileva, Rada Todorova
Авторска отговорност първи автор
R(LIN) 312692
139 ## - Редно поле
Редна дума Vasileva, Rada Todorova
Авторски знак Vas - V 30
245 10 - Сведения за заглавието
Заглавие Funktionsverbgefuge als Spezialfall pradikativer Strukturen im Deutschen und Bulgarischen
Подзаглавни данни Eine kontrastive Analyse auf syntaktisch-semantischer Ebene
Редно поле (дума) Rada Todorova Vasileva.
257 ## - Страна на издаване
Страна на създаване/издаване България
260 ## - Област на издателските данни
-- V. Tarnovo
Име на издателя, разпространителя и проч. Слово
Година на издаване 2014
Печатница В. Търново : Веста
300 ## - Физическа характеристика
Страници 224 с.
Размери/Мащаб 24 см
380 ## - Жанр
Жанр Езикознание. Филология
500 ## - Общи забележки
Забележка Текст и на бълг. ез. - Библиогр.: с. 208-221
650 #4 - Допълнително описание по предмет – тема
Основно описание – тема или топоним Немски език - глагол
9 (RLIN) 281261
650 #4 - Допълнително описание по предмет – тема
Основно описание – тема или топоним Български език - глаголи
9 (RLIN) 283541
653 ## - Ключова дума – ненормативна
Ключова дума немски език
653 ## - Ключова дума – ненормативна
Ключова дума български език
653 ## - Ключова дума – ненормативна
Ключова дума глаголи
653 ## - Ключова дума – ненормативна
Ключова дума сравнително езикознание
659 ## - Тематичен бюлетин
Тематичен бюлетин Н
852 ## - Местоположение
Форматна сигнатура Цб 280474
856 4# - Електронен адрес и достъп
Електронен формат pdf - файл
Път до файла /url/
856 4# - Електронен адрес и достъп
Електронен формат pdf - файл
Път до файла /url/
942 ## - АРТИКУЛИ
Вид на библиотечния материал Книги
Скрит в OPAC Не
944 ## - СЪЗДАВАНЕ И РЕДАКЦИЯ на ЗАПИСА
Създаване/Редакция Създаване
Дата на регистрацията/редакция 14.05.2016
Служител, извършил регистрацията/редакцията Виолета_Тройчева
944 ## - СЪЗДАВАНЕ И РЕДАКЦИЯ на ЗАПИСА
Създаване/Редакция Редакция
Дата на регистрацията/редакция 12.08.2017
Служител, извършил регистрацията/редакцията Виолета_Тройчева
999 ## - СИСТЕМНИ КОНТРОЛНИ НОМЕРА
Koha biblionumber 179007
Koha biblioitemnumber 179007
Наличности
Код за отписване Код за изгубен артикул Код за повреда Коз за рестрикции Код за отдаване Артикулен № Име на библиотеката - собственик Име на библиотеката, в която се намира в момента Статус (Текущо местоположение) Дата на вписване в системата Местоположение - отдел Цена в лева Инвентарен номер Систематично азбучна сигнатура Баркод Номер на екземпляра Цена в евро Служебна бележка Служебен тип на артикула Източник на класификационната схема
  Не е изгубен Не е повреден без рестрикции ползва се в читалня 307193 Регионална библиотека "Любен Каравелов" Русе Регионална библиотека "Любен Каравелов" Русе Хранилище 2016-06-23 Основен фонд - ползва се само за читалня 23.00 120000801410 Цб 280474 120000801410 1 11.76 Дост: DA Вид: А N: 24 Дата: 23.06.2016 Книги  
Изтеглен Не е изгубен Не е повреден без рестрикции заемане за дома 307194 Регионална библиотека "Любен Каравелов" Русе Регионална библиотека "Любен Каравелов" Русе ЧЧЗО - англ. ез. - Британски съвет 2016-08-30 ЧЧЗО - англ. ез. - Британски съвет 23.00 120000803563 Ч3 803.0-5/V 30 120000803563 2 11.76 Дост: DA Вид: А N: 33 Дата: 30.08.2016 Книги Universal Decimal Classification
Vip Innovations Ltd, Rousse, Bulgaria 2025